70's & 80's Bands by Members First Names - Statistics

General Stats
  • This quiz has been taken 1,239 times
  • The average score is 7 of 15
Answer Stats
Hint Answer % Correct
Freddie, Brian, John, Roger Queen
91%
Agnetha, Bjorn, Frida, Benny Abba
87%
Mick, Charlie, Bill, Keith, Ron Rolling Stones
85%
Michael, Jermaine, Tito, Marlon, Jackie Jackson 5
82%
Gene, Paul, Ace, Peter Kiss
74%
Chrissie, Martin, Pete, James Pretenders
49%
Simon, Andy, Roger, Nick, John Duran Duran
47%
Alan, Wayne, Merrill, Jay, Donny Osmonds
38%
Bruce, Janick, Steve, Nicko, Dave, Adrian Iron Maiden
26%
Francis, Rick, Alan Status Quo
24%
Cheryl, Mike, Bobby, Jay Bucks Fizz
21%
Errol, Larry, Harvey, Ian, Tony Hot Chocolate
20%
George, Mikey, Jon, Craig Culture Club
14%
Eve, Lyn, Paul, Marty, Peter New Seekers
12%
Les, Dave, Rob, Ray Mud
11%
No matching quizzes found
Score Distribution
Percent of People with Each Score
Percentile by Number Answered
Your Score History
You have not taken this quiz